Statistiken für Fußballligen nach Abzeichen

Klicken Sie hier um das Quiz zu spielen!

Allgemein

  • Dieses Quiz wurde 143 mal gespielt
  • Das Durchschnittsergebnis liegt bei 5 aus 16

Antwortstatistiken

Antwort% Korrekt
Bundesliga
100%
Major League Soccer
75%
Serie A
55%
Ligue 1
51%
LaLiga
43%
Süper Lig
37%
Eredivisie
32%
Saudi Pro League
24%
Chinese Super League
23%
English Premier League
20%
Allsvenskan
15%
Scottish Premiership
13%
Liga MX
9%
J1 League
4%
A-League Men
2%
Primeira Liga
0%

Verteilung der Resultate

Perzentil nach korrekt beantworteten Fragen

Anzahl Personen mit jedem Resultat

Ihre Resultats-Entwicklung

Sie haben dieses Quiz noch nicht gespielt